000 00431nam a2200181Ia 4500
001 856
005 20260306140548.0
008 260306t2017||||xx |||||||||||||| ||spa||
041 _aESP
082 _a170
_bS75A
100 _aSpinoza, Baruch
_eAUT
245 0 _aÉtica demostrada según el orden geométrico
260 _c2017
300 _a463 páginas :
_c18 cm.
650 _aGEN
654 _aCHU
942 _cLIB
_dJUS
_fJUS
_2ddc
_n
999 _c856
_d856